000 00630nam a22001937a 4500
005 20251108164254.0
008 250721s1998 xx 000 0 ara d
082 1 4 _a351.109565/جلا
100 1 _aفاخوري، جلال زواد
245 1 0 _aالبيروقراطية و التنظيم الإداري في الأردن /
264 1 _aعمان :
_bمركز الدراسات والأستشارات،
_c1998.
300 _a200ص.
650 1 7 _aالبيروقراطية
650 1 7 _aالإدارة العامة
650 1 7 _aالتنمية الإدارية
650 1 7 _aالأردن
942 _2ddc
_cBK
999 _c8037
_d8037